000 02123agaaa2200337 4500
001 1525
003 IT-RoPAU
005 20220918181252.0
007 d cvaizq
008 50131s9999||||xx ||| | || ||und||
040 _aIT-RoPAU
_cIT-RoPAU
041 _aITALIANO
100 _aRohmer Eric
_gCodice regista SPICS: 1948
_949418
130 _aCOLLEZIONISTA (LA)
_949419
240 _aCOLLECTIONNEUSE (LA)
_gT2171
245 _aCOLLEZIONISTA (LA)
_cProdotto da: Schroeder Barbet -- Sceneggiatura: Rohmer Eric Bauchau Patrick Politoff Haydee -- Diretto da: Rohmer Eric
_pRACCONTI MORALI 4 (Rif. Codice opera principale : 29170)
246 _aCOLLECTIONNEUSE (LA)
250 _aEdizione Standard
260 _a(FRANCIA)
_bFILMS DU LOSANGE / Distribuzione: RAI
_g"1967 (1° ed.: 1985 ; Ed. Lingua Orig.: 1967)"
300 _aVHS
_bsonoro, col.
_c86 minuti
508 _a"Fotografia: Almendros Nestor; Montaggio: Rohmer Eric; Musica: Toes Blossom; Sceneggiatura: Rohmer Eric Bauchau Patrick Politoff Haydee; "
511 _a"Bauchau Patrick; Politoff Haydee; Pommereulle Daniel; Jouffroy Alain; Mijanou"
520 _aADRIEN GIOVANE PLAYBOY FRANCESE STANCO DEL CONVULSO RITMO DI VITA CONDOTTOIN CITTA' SI RECA PER UN PERIODO DI RIPOSO NELLA VILLA DI UN AMICO SULLA COSTA AZZURRA QUI CONOSCE HAYDEE UNA RAGAZZA CHE PASSA CON ESTREMA DISINVOLTURA DA UN UOMO ALL'ALTRO LA DONNA SI INTERESSA A LUI MA ADRIEN OSTENTA NEI SUOI CONFRONTI UN'ASSOLUTA INDIFFERENZA LA VITA IN COMUNE FA SI' CHE ADRIENDOPO AVER RESPINTO ORGOGLIOSAMENTE HAYDEE FINISCA PER SUBIRNE IL FASCINO ELE DICHIARI IL SUO AMORE STAVOLTA E' PERO' LA RAGAZZA A RESPINGERLO DELUSOADRIEN ABBANDONA LA VILLA PER RITUFFARSI NEL GENERE DI VITA CHE GLI E' PIU' CONGENIALE FILM COMMEDIA A COLORI
538 _aPAL, STEREO
546 _aITALIANO
650 _aCOMMEDIA
_eFILMS [VHS]
_xCodice MATERIA SPICS: 9960
_949420
700 _aRohmer Eric
_e(regista)
_gCodice regista SPICS: 1948
_949421
700 _aRohmer Eric
_e(soggetto)
_gCodice Soggetto SPICS: 1948
_949422
700 _aToes Blossom
_e(musica)
_gCodice Musica SPICS: 26184
_949423
942 _cVH
_2ddc
999 _c106916
_d106916